000
00294nam a22001097a 4500
082
_a
954.9355
_b
GHQ
245
_a
Pakistan Army Green Book 2018/
_c
GHQ, General Headquarters:
260
_a
GHQ; General Headquarters:
_b
Rawalpindi,
_c
2018.
300
_a
190p. :
563
_a
PB
942
_2
ddc
_c
REF
999
_c
610530
_d
610530